000 00930nam a2200229Ia 4500
003 Ost
005 20260507075023.0
008 260507s9999||||xx |||||||||||||| ||und||
020 _a6010329957
040 _cfsecg
041 _aara
082 _a330
100 _aالعباسي، عز الدين مرزا ناصر عبد الله
_eمؤلف
245 0 _aالإسم التجاري :
_bدراسة قانونية مقارنة /
_c عز الدين مرزا ناصر عبد الله العباسي
260 _aعمان:
_bدار ومكتبة الحامد للنشر والتوزيع,
_c2003
300 _a219 صفحة؛
_bإيضاحات ؛
_c24 سم
520 _aالتعربف بالإسم التجاري- ملكية الإسم التجاري وحمايته القانونية
653 _aالاسم التجاري
653 _aالعلامات التجارية
653 _aشهرة المحل
942 _cكتاب
999 _c42303
_d42303